000 02813nam a2200277 a 4500
001 000015168
005 20240409073638.0
008 100202t2008 dr ach 001 0 spa d
020 _a9789993429456
040 _aDO-SdBNP
_bspa
_cBNPHU
082 _a384.54065
_bC697r
100 1 _aCollado, Lipe,
_d1947-
_979819
245 1 0 _aRadio Caribe :
_ben la Era de Trujillo /
_cLipe Collado.
260 _aSanto Domingo :
_bCollado,
_c2008.
300 _a318 p. :
_bil., facsíms., retrs. ;
_c24 cm.
500 _aIncluye índice onomástico.
500 _aIncluye datos biográficos del autor en la solapa.
500 _aIncluye bibliografía y notas al pie de páginas.
504 _aBibliografía: p. 311 -312.
505 0 _tOrígenes y nacimiento de la radio. Transistorización. La radio es infinita. Repliegue y confirmación. Características. Orígenes --
_tInicio de las telecomunicaciones en la RD. Inicio y desarrollo de la radio --
_tUso de la radio por Trujillo. Radio HIX. La voz del Partido Dominicano. La voz del Yuna. La voz Dominicana --
_tLa tiranía de Trujillo en la cuerda floja: Expediciones armadas de exiliados en 1959. Conspiraciones, persecusiones, torturas y asesinatos. Reacción de la iglesia católica. Atentado al presidente de Venezuela, Rómulo Betancourt. La conferencia de cancilleres americanos --
_tEn la antesala del terror oral: transmisiones de prueba de Radio Caribe. Inauguración de Radio Caribe. Su vinculación con la conferencia de cancilleres americanos --
_tDe cómo surgió Radio Caribe. Ejecutivos y personal. --
_tLa cadena presagiosa. El foro público, Radio Caribe. La Voz Dominicana --
_tTensando las cuerdas de Radio caribe. Euclides Gutiérrez Félix en zona de peligro. Los objetivos de Radio Caribe. Balaguer en la cuerda floja --
_tProgramación de Radio Caribe. De lunes a domingo. Transmisión en seis idiomas. Cultura. Programación especial de Semana Santa --
_tPrisión, juicio y descargo de ejecutivo de Radio Caribe --
_tRadio Caribe en la carrera radioarmamentista internacional. Apólogo de Radio Caribe: Euclides Gutiérrez Félix --
_tSantiago Lamela Geler: estrella de Radio Caribe, la locución y la agitación. Su sección "II Nostro Osservatore, no romano, sino dominicano (un observatorio de Radio Caribe)" --
_tIncendio y destrucción de Radio Caribe. ¿Quienes la destruyeron?. ¿Quién dio la orden?. Simbología de la destrucción. Eclipse y desaparición --
_tLos comentarios de Radio Caribe --
_gBibliografía--
_tÍndice onomástico
590 _aInventariado, 2018/VM
650 4 _aRadioemisoras
_xHistoria
_zRepública Dominicana
_934343
650 4 _aPolítica y medios de comunicación de masas
_xHistoria
_xRepública dominicana
_934344
710 0 2 _aRadio Caribe (República Dominicana)
_934345
910 _aValidado. Control de calidad EMS.
999 _c14739
_d14739